| 000 | 00462cam a2200181ua 4500 | ||
|---|---|---|---|
| 020 | _c8.00 | ||
| 041 |
_aeng _h |
||
| 082 |
_a540 _bLAK/CO |
||
| 100 | _aLakshminarasimhan, S . | ||
| 245 |
_aComposite ancillary chemistry / _cS.Lakshminarasimhan. _hTextual Documents |
||
| 260 |
_aMadras : _bCentral Art press , _c1962. |
||
| 300 |
_a392 : _b506 ; . |
||
| 365 | _a8.00 | ||
| 504 | _a | ||
| 942 | _cBK | ||
| 999 |
_c10548 _d10548 |
||